[Event "Lille Luce op 3rd"]
[Site "Lille"]
[Date "2012.04.27"]
[Round "6"]
[White "Griffon, Olivier"]
[Black "Leconte, Maria"]
[Result "1/2-1/2"]
[WhiteElo "1885"]
[BlackElo "2260"]
[PlyCount "69"]
[EventDate "2012.04.23"]
[EventType "swiss"]
[EventRounds "8"]
[EventCountry "FRA"]
[SourceTitle "CBM 148 Extra"]
[Source "ChessBase"]
[SourceDate "2012.06.22"]
[SourceVersion "1"]
[SourceVersionDate "2012.06.22"]
[SourceQuality "1"]

1. e4 c5 2. Nc3 e6 3. g3 d5 4. d3 dxe4 5. Nxe4 Bd7 6. Nf3 Nf6 7. Bg2 Nxe4 8. dxe4 Nc6 9. 0-0 Be7 10. e5 Qb6 11. Qe2 0-0-0 12. c3 f6 13. b4 Nxe5 14. Nxe5 fxe5 15. bxc5 Bxc5 16. Qxe5 Qd6 17. Bf4 Qxe5 18. Bxe5 Rhg8 19. a4 g5 20. Rab1 b6 21. a5 Be8 22. axb6 Bxb6 23. c4 Rd2 24. c5 Bc7 25. Bxc7 Kxc7 26. Rb7+ Kc8 27. Rxa7 Rc2 28. Re1 Rxc5 29. Rxh7 Bd7 30. Ra1 Rd8 31. Ra8+ Kc7 32. Ra7+ Kd6 33. Ra6+ Kc7 34. Ra7+ Kd6 35. Ra6+ 1/2-1/2

[Event "Bethune op"]
[Site "Bethune"]
[Date "2005.07.06"]
[Round "5"]
[White "Griffon, Olivier"]
[Black "Holland, Christophe"]
[Result "0-1"]
[WhiteElo "2060"]
[BlackElo "1782"]
[PlyCount "76"]
[EventDate "2005.07.02"]
[EventType "swiss"]
[EventRounds "9"]
[EventCountry "FRA"]
[SourceTitle "CBM 107 Extra"]
[Source "ChessBase"]
[SourceDate "2005.09.01"]
[SourceVersion "1"]
[SourceVersionDate "2005.09.01"]
[SourceQuality "1"]

1. d4 d5 2. c4 c6 3. Nf3 Nf6 4. Nc3 dxc4 5. a4 Bf5 6. e3 e6 7. Bxc4 Bb4 8. 0-0 0-0 9. Qe2 Ne4 10. Nxe4 Bxe4 11. Ne5 Nd7 12. f4 Nf6 13. Bd3 c5 14. Ng4 Bxd3 15. Nxf6+ Qxf6 16. Qxd3 cxd4 17. exd4 Rfd8 18. Be3 Rd5 19. Qc4 Ba5 20. f5 Rxf5 21. Rxf5 Qxf5 22. b4 Bd8 23. Rf1 Qe4 24. Bc1 a5 25. Bd2 axb4 26. Bxb4 Rxa4 27. Qc5 Qe3+ 28. Kh1 h5 29. Qf8+ Kh7 30. Qxf7 Rxb4 31. Qxh5+ Qh6 32. Qc5 Rb2 33. Qc3 Rd2 34. h3 Bf6 35. Qc7 Qg6 36. Qxb7 Rxd4 37. Qb3 Rd2 38. Qxe6 Qxg2# 0-1

[Event "FRA-chT2 0405"]
[Site "France"]
[Date "2004.12.05"]
[Round "4.1"]
[White "Laurent, Bruno"]
[Black "Griffon, Olivier"]
[Result "1-0"]
[WhiteElo "2335"]
[BlackElo "2095"]
[PlyCount "66"]
[EventDate "2004.10.10"]
[EventType "team-tourn"]
[EventRounds "11"]
[EventCountry "FRA"]
[SourceTitle "EXT 2006"]
[Source "ChessBase"]
[SourceDate "2005.11.24"]
[SourceVersion "1"]
[SourceVersionDate "2005.11.24"]
[SourceQuality "1"]
[WhiteTeam "Arras"]
[BlackTeam "Neuville en Ferrain"]
[WhiteTeamCountry "FRA"]
[BlackTeamCountry "FRA"]

1. d4 Nf6 2. Nf3 e6 3. c4 Bb4+ 4. Nc3 0-0 5. Bg5 h6 6. Bh4 c5 7. d5 d6 8. e3 e5 9. Nd2 Bf5 10. e4 Bh7 11. Bd3 Qa5 12. Bxf6 Bxc3 13. Be7 Re8 14. Bxd6 Bxb2 15. Rb1 Bc3 16. Rb5 Qxa2 17. Bxc5 Qxd2+ 18. Qxd2 Bxd2+ 19. Kxd2 Nd7 20. Be3 b6 21. Ra1 Rec8 22. f3 f6 23. Kc3 Bg6 24. Bc2 Be8 25. Ba4 Rc7 26. Rb4 Nc5 27. Bxe8 Rxe8 28. Bxc5 Rxc5 29. Rxa7 Ra5 30. Rxa5 bxa5 31. Ra4 Ra8 32. c5 Kf7 33. Kc4 Ke7 1-0

[Event "Bethune op"]
[Site "Bethune"]
[Date "2004.07.07"]
[Round "5"]
[White "Wallerand, Konrad"]
[Black "Griffon, Olivier"]
[Result "1-0"]
[WhiteElo "1970"]
[BlackElo "1820"]
[PlyCount "59"]
[EventDate "2004.07.03"]
[EventType "swiss"]
[EventRounds "9"]
[EventCountry "FRA"]
[SourceTitle "EXT 2005"]
[Source "ChessBase"]
[SourceDate "2004.11.15"]
[SourceVersion "1"]
[SourceVersionDate "2004.11.15"]
[SourceQuality "1"]

1. e4 c5 2. d4 cxd4 3. c3 dxc3 4. Nxc3 Nc6 5. Nf3 e6 6. Bc4 d6 7. 0-0 Nf6 8. Qe2 Be7 9. Rd1 e5 10. h3 0-0 11. Be3 Be6 12. Bxe6 fxe6 13. Rac1 h6 14. b4 Nd7 15. Nb5 Nb6 16. Bc5 d5 17. exd5 exd5 18. Nxe5 Nxe5 19. Qxe5 Bxc5 20. bxc5 Na4 21. Nc7 Rb8 22. Ne6 Qf6 23. Qxd5 Rf7 24. Nd8 Rxd8 25. Qxd8+ Qxd8 26. Rxd8+ Rf8 27. Rxf8+ Kxf8 28. Rc2 Ke7 29. Rc4 Nb2 30. Rb4 1-0

[Event "Nord Pas de Cal-chT"]
[Site "Lille"]
[Date "2004.??.??"]
[Round "2.13"]
[White "Griffon, Olivier"]
[Black "Pottier, Christophe"]
[Result "0-1"]
[WhiteElo "1860"]
[BlackElo "1499"]
[PlyCount "65"]
[EventDate "2004.04.??"]
[EventType "team-swiss"]
[EventRounds "7"]
[EventCountry "FRA"]
[SourceTitle "EXT 2005"]
[Source "ChessBase"]
[SourceDate "2004.11.15"]
[SourceVersion "1"]
[SourceVersionDate "2004.11.15"]
[SourceQuality "1"]

1. d4 d6 2. c4 Nf6 3. Nc3 g6 4. e4 Bg7 5. f4 e5 6. fxe5 dxe5 7. d5 0-0 8. Nf3 Bg4 9. Be2 Nbd7 10. Be3 Qe7 11. 0-0 Nc5 12. Qc2 b6 13. Rad1 Nb7 14. a3 Nd7 15. b4 f5 16. exf5 Bxf5 17. Ne4 Nd6 18. Bd3 Nf6 19. Nxf6+ Bxf6 20. Bxf5 Nxf5 21. Bc1 Rad8 22. Qe4 Nd6 23. Qe2 e4 24. Nd4 Bxd4+ 25. Rxd4 Rxf1+ 26. Qxf1 Nf5 27. Rd1 e3 28. Qe2 Qe4 29. Bb2 Rf8 30. Ba1 Ng7 31. Qb2 Rf7 32. Rf1 e2 33. Re1 0-1

[Event "Bethune-C"]
[Site "Bethune"]
[Date "2002.07.12"]
[Round "8.15"]
[White "Griffon, Olivier"]
[Black "Bosch, Joachim"]
[Result "1/2-1/2"]
[WhiteElo "1860"]
[BlackElo "1690"]
[PlyCount "85"]
[EventDate "2002.07.06"]
[EventType "tourn"]
[EventRounds "9"]
[EventCountry "FRA"]
[SourceTitle "EXT 2005"]
[Source "ChessBase"]
[SourceDate "2004.11.15"]
[SourceVersion "1"]
[SourceVersionDate "2004.11.15"]
[SourceQuality "1"]

1. d4 Nf6 2. Nf3 e6 3. Bg5 b6 4. c3 Bb7 5. Nbd2 d6 6. e3 h6 7. Bxf6 Qxf6 8. Qa4+ c6 9. Bd3 b5 10. Qc2 Qd8 11. 0-0 Nd7 12. e4 a6 13. Rfe1 Be7 14. e5 c5 15. Ne4 dxe5 16. dxe5 Qc7 17. Ned2 c4 18. Be4 Nc5 19. Bxb7 Qxb7 20. Ne4 0-0 21. Rad1 Rfd8 22. Nxc5 Bxc5 23. Nd4 Qb6 24. Re4 Rd5 25. Qe2 Rad8 26. Qe3 b4 27. g3 bxc3 28. bxc3 Bxd4 29. Rexd4 Rxd4 30. Rxd4 Rxd4 31. cxd4 Qb1+ 32. Kg2 Qxa2 33. Qe4 Qa5 34. Qa8+ Kh7 35. Qe4+ g6 36. Qb7 Qd5+ 37. Qxd5 exd5 38. Kf1 Kg7 39. f4 h5 40. h3 Kh6 41. Ke2 g5 42. f5 g4 43. h4 1/2-1/2

[Event "Bethune-C"]
[Site "Bethune"]
[Date "2002.07.11"]
[Round "7.11"]
[White "Griffon, Olivier"]
[Black "Przybylek, Patrick"]
[Result "1/2-1/2"]
[WhiteElo "1860"]
[BlackElo "1850"]
[PlyCount "109"]
[EventDate "2002.07.06"]
[EventType "tourn"]
[EventRounds "9"]
[EventCountry "FRA"]
[SourceTitle "EXT 2005"]
[Source "ChessBase"]
[SourceDate "2004.11.15"]
[SourceVersion "1"]
[SourceVersionDate "2004.11.15"]
[SourceQuality "1"]

1. d4 Nf6 2. Bg5 Ne4 3. Bf4 c6 4. f3 Nf6 5. e4 e6 6. c4 d5 7. cxd5 cxd5 8. e5 Nfd7 9. Nc3 Nc6 10. Qd2 Bb4 11. Be3 f6 12. f4 fxe5 13. fxe5 Ndxe5 14. 0-0-0 Nf7 15. Nf3 Qa5 16. Bd3 Bd7 17. Ng5 Nxg5 18. Bxg5 Nxd4 19. Bg6+ hxg6 20. Qxd4 Bxc3 21. bxc3 Rc8 22. Kb2 0-0 23. Be7 Rf5 24. Rhe1 Rc6 25. Rd3 Ra6 26. a3 Rb6+ 27. Ka2 Qb5 28. Rd2 a5 29. a4 Qb3+ 30. Ka1 Bxa4 31. Bc5 Rb5 32. Ra2 b6 33. Ba3 e5 34. Qh4 Qxc3+ 35. Bb2 g5 36. Bxc3 gxh4 37. Rxa4 d4 38. Bd2 Rf2 39. Bg5 Rxg2 40. Bxh4 Rxh2 41. Bg3 Rh5 42. Ra2 Kf7 43. Rf2+ Ke7 44. Ref1 Rh3 45. Rf7+ Ke6 46. Rxg7 d3 47. Rg6+ Kd5 48. Bxe5 d2 49. Bb2 Ke4 50. Rd1 Rd5 51. Rxb6 Kf3 52. Bc3 Ke2 53. Rxd2+ Rxd2 54. Bxd2 Kxd2 55. Rc6 1/2-1/2

[Event "Bethune-C"]
[Site "Bethune"]
[Date "2001.??.??"]
[Round "?"]
[White "Griffon, Olivier"]
[Black "Lefebvre, Herve"]
[Result "1-0"]
[WhiteElo "1800"]
[BlackElo "1640"]
[PlyCount "47"]
[EventDate "2001.??.??"]
[EventType "tourn"]
[EventRounds "9"]
[EventCountry "FRA"]
[SourceTitle "EXT 2003"]
[Source "ChessBase"]
[SourceDate "2002.11.25"]
[SourceVersion "1"]
[SourceVersionDate "2002.11.25"]
[SourceQuality "1"]

1. d4 d5 2. Nf3 c6 3. c4 e6 4. Nc3 Nd7 5. e3 Ngf6 6. Qc2 Bb4 7. Bd3 c5 8. 0-0 cxd4 9. Nxd4 Bxc3 10. Qxc3 Ne5 11. Nxe6 Bxe6 12. Qxe5 0-0 13. c5 Rc8 14. b4 a5 15. a3 Re8 16. Bb2 Bd7 17. Qg5 axb4 18. axb4 Rc6 19. Bb5 Rce6 20. Bxf6 Rxf6 21. Bxd7 Qxd7 22. Rfd1 Rf5 23. Qg4 g6 24. e4 1-0

[Event "Bethune-C"]
[Site "Bethune"]
[Date "2001.??.??"]
[Round "?"]
[White "Griffon, Olivier"]
[Black "Sorel, Pascal"]
[Result "1/2-1/2"]
[WhiteElo "1800"]
[BlackElo "1800"]
[PlyCount "84"]
[EventDate "2001.??.??"]
[EventType "tourn"]
[EventRounds "9"]
[EventCountry "FRA"]
[SourceTitle "EXT 2003"]
[Source "ChessBase"]
[SourceDate "2002.11.25"]
[SourceVersion "1"]
[SourceVersionDate "2002.11.25"]
[SourceQuality "1"]

1. d4 Nf6 2. Bg5 e6 3. e4 Be7 4. e5 Nd5 5. Bxe7 Nxe7 6. Qg4 Ng6 7. h4 h5 8. Qg3 Nc6 9. c3 a6 10. Bd3 Nce7 11. Nh3 d6 12. f4 dxe5 13. fxe5 c5 14. Ng5 Nf5 15. Bxf5 exf5 16. Qf2 0-0 17. Qf3 f6 18. Qxh5 fxg5 19. Qxg6 g4 20. dxc5 Qd5 21. 0-0 Qxc5+ 22. Kh1 Qxe5 23. Nd2 Qg3 24. Nf3 f4 25. Qh5 gxf3 26. Qd5+ Rf7 27. Qd8+ Kh7 28. Rxf3 Qg6 29. Re1 Bh3 30. Qd2 Rd8 31. Qf2 Be6 32. Rxf4 Rxf4 33. Qxf4 Bxa2 34. Re5 Bd5 35. Rg5 Qd6 36. Qg4 Qf6 37. Rf5 Qe7 38. Qh5+ Kg8 39. Rxd5 Rf8 40. Qg4 Qe1+ 41. Kh2 Qe7 42. Qc4 Qf7 1/2-1/2